Themed General Knowledge Questions #18 - Statistics

General Stats
  • This quiz has been taken 29 times
  • The average score is 7 of 10
Answer Stats
Question Answer % Correct
Who wrote the Little Mermaid (story, not movie)? Hans Christian Anderson
93%
Which of these inventions weren't accidental? Airplane
89%
What language does the word 'algebra' originate from? Arabic
85%
Who was thrown into a lion's den in the Bible? Daniel
81%
Which of these is not a poet? Richard Strauss
78%
What is the smallest Oceanic country? Nauru
74%
What is a pianoforte? A type of intrument
56%
What creature is known to survive in extreme conditions, including radiation, intense temperatures and pressure, and even lack of oxygen? Tardigrades
52%
How many seeds are on an average strawberry? Around 200
37%
What is the boiling point of water in the Kelvin scale? 373.15 K
19%
No matching quizzes found
Score Distribution
Percent of People with Each Score
Percentile by Number Answered
Your Score History
You have not taken this quiz